000 00940nmm a2200289 a 4500
001 ocm0001221600
003 TR-IsHL
005 20201028155050.0
008 131028s1995 tu tur
007 cr cn
035 _a1221600
_b(N$T)
050 0 4 _aU101
_b.W56 1995
090 0 4 _aU101
_b.W56 1995
100 1 _aWing, R.L.
245 1 0 _aStrateji sanatı: Sun Tzu'nun klasiğinin Türkçe çevirisi
_h[electronic resource] /
_cR.L. Wing ; çev. Mehmet Sami Denker, Sharifah M. Alsagoff
250 _a1. bs.
260 _aBursa :
_bEzgi Kitabevi,
_c1995
300 _a200 p.
650 4 _aDil ve Edebiyat
650 4 _aLanguage and Literature
650 0 _aStrateji
650 0 _aStrategy
650 7 _aHISTORY / Military / Strategy
_2bisacsh
700 1 _aDenker, Mehmet Sami
700 1 _aAlsagoff, M. Sharifah
856 4 0 _uhttp://search.ebscohost.com/login.aspx?direct=true&scope=site&db=e011xww&AN=1221600
999 _c12897
_d12897